Statistics for Name all 7 Continents

Click here to take the quiz!

General Stats

  • This quiz has been taken 140 times
    (121 since last reset)
  • The average score is 7 of 7

Answer Stats

Continent% Correct
Africa
100%
Asia
99%
Europe
98%
South America
98%
North America
98%
Australia
89%
Antartica
70%

Score Distribution

Percentile by Number Answered

Percent of People with Each Score

Your Score History

You have not taken this quiz since the last reset